[Schedule of military transports sailing between Newport News, Va. and Havana, Cuba].

Bibliographic Details
Corporate Author: United States. War Department
Format: Government Document eBook
Language:English
Published: [Washington] : The Department, 1907.
Subjects:
Online Access:Connect to the full text of this electronic document

MARC

Tag First Indicator Second Indicator Subfields
LEADER 00000cam a22000001a 4500
001 in00003627521
005 20190408170915.0
006 m o d f
007 cr bn mmmapmmp
008 141128s1907 dcu o f000 0 eng d
035 |a ebd1909212598 
040 |a UMI  |c UMI  |d UtOrBLW 
086 0 |a W 69.4:907/no.8 
099 |a W6904a-1.8 
110 1 |a United States.  |b War Department.  |0 http://id.loc.gov/authorities/names/n79084108 
245 1 0 |a [Schedule of military transports sailing between Newport News, Va. and Havana, Cuba]. 
264 1 |a [Washington] :  |b The Department,  |c 1907. 
300 |a 1 online resource (1 pages) 
336 |a text  |b txt  |2 rdacontent 
337 |a computer  |b c  |2 rdamedia 
338 |a online resource  |b cr  |2 rdacarrier 
533 |a Electronic reproduction.  |b [Bethesda, Md.] :  |c ProQuest,  |d 2014.  |e digital, PDF file.  |n ProQuest U.S. Executive Branch Documents  |n Mode of access: World Wide Web via ProQuest website. 
588 |a Record is based on online resource; title from PDF title page (ProQuest, last viewed Nov. 2014). Reuse except for individual research requires license from ProQuest, LLC. 
500 |a Electronic resource. 
650 0 |a Shipping.  |0 http://id.loc.gov/authorities/subjects/sh85121579 
650 0 |a Transportation, Military.  |0 http://id.loc.gov/authorities/subjects/sh85137061 
651 0 |a Havana (Cuba)  |0 http://id.loc.gov/authorities/names/n79055428 
655 7 |a Electronic books.  |2 local 
856 4 0 |u http://proxy.library.tamu.edu/login?url=http://congressional.proquest.com/congressional/docview/t66.d71.w6904a-1.8  |z Connect to the full text of this electronic document  |t 0 
999 f f |s 32cc9ca2-f794-3b27-910a-87bf9c2792e7  |i 5d0c0215-7259-36e3-bbb2-4291d6fac0e3  |t 0 
952 f f |a Texas A&M University  |b College Station  |c Electronic Resources  |d Available Online  |t 0  |h No information provided 
998 f f |t 0  |l Available Online